Gold Coast Line Stations (Brisbane Network) - Statistics

General Stats
  • This quiz has been taken 29 times
  • The average score is 11 of 13
Answer Stats
Distance to Central Answer % Correct
68.2 Helensvale
100%
59.5 Coomera
95%
85.3 Robina
95%
3.5 South Bank
95%
89.4 Varsity Lakes
95%
40.0 Beenleigh
90%
2.6 South Brisbane
90%
75.8 Nerang
85%
0.7 Roma Street
85%
52.7 Ormeau
80%
5.0 Park Road
80%
32.2 Loganlea
75%
18.6 Altandi
70%
No matching quizzes found
Score Distribution
Percent of People with Each Score
Percentile by Number Answered
Your Score History
You have not taken this quiz